The arthritis helpbool what you can do for your arthritis

Na minha lista:
Detalhes bibliográficos
Autor principal: Kate Lorig
Formato: Livro
Idioma:Undetermined
Publicado em: Sydney Addison - wesley publishing com. 1980
Assuntos:
Tags: Adicionar Tag
Sem tags, seja o primeiro a adicionar uma tag!
Thư viện lưu trữ: Trung tâm Học liệu Trường Đại học Cần Thơ
LEADER 00559nam a2200181Ia 4500
001 CTU_45935
008 210402s9999 xx 000 0 und d
082 |a 616.722 
082 |b L872 
100 |a Kate Lorig 
245 4 |a The arthritis helpbool 
245 0 |b what you can do for your arthritis 
245 0 |c Kate Lorig, James F.Fries 
260 |a Sydney 
260 |b Addison - wesley publishing com. 
260 |c 1980 
650 |a connective tissues - diseases,joints - diseases,rheumatology 
980 |a Trung tâm Học liệu Trường Đại học Cần Thơ